Phonetic Alphabet - Statistics

General Stats
  • This quiz has been taken 19 times
  • The average score is 11 of 26
Answer Stats
Letter Real Spelling % Correct
b bee
100%
d dee
89%
c see
89%
e eee
78%
j jay
67%
k kay
67%
a aye
56%
l ell
56%
m em
56%
n en
56%
p pee
56%
s ess
44%
g jee
44%
t tee
44%
r arr
33%
i eye
33%
f eph
22%
o ow
22%
v vee
22%
x ecks
11%
y why
11%
u yoo
11%
z zee
11%
h ayech
0%
w dubba u
0%
q kuiw
0%
No matching quizzes found
Score Distribution
Percent of People with Each Score
Percentile by Number Answered
Your Score History
You have not taken this quiz